Foundations of Intelligent Tutoring Systems

Gespeichert in:
Bibliographische Detailangaben
Weitere Verfasser: Polson, Matha C. (Herausgegeben von), richardson, J. Jeffrey (Herausgegeben von), Soloway, Elliot (Herausgegeben von)
Format: Buch
Sprache:Englisch
Veröffentlicht: Hillsdale : Lawrence Erlbaum Associates, 1988
Tags: Tag hinzufügen
Keine Tags, Fügen Sie das erste Tag hinzu!

MARC

LEADER 00000nam a22000003a 4500
001 stu295404
005 20150617230317.7
008 140818s--------xxu-----------------eng-d
020 |a 0-8058-0054-9 
040 |a STU  |b slo 
041 0 |a eng 
044 |a xxu 
100 1 |a Polson, Matha C.  |4 edt 
245 1 |a Foundations of Intelligent Tutoring Systems 
260 |a Hillsdale :  |b Lawrence Erlbaum Associates,  |c 1988 
300 |a 280 s 
700 1 |a richardson, J. Jeffrey  |4 edt 
700 1 |a Soloway, Elliot  |4 edt 
996 |b 284IZ00648  |c I*13UI10370  |l I  |s A  |a 24  |w stu295404_0001